What Do You Do? - Sudden Death #4 - Statistics

General Stats
  • This quiz has been taken 23 times
  • The average score is 2 of 6
Answers on the Grid
Answers color-coded by a green-red scale on the quiz's grid according to % correct below.
Try to wave them by to let their cars pass
Reverse to keep them from opening your door
Attempt to drive away
.
.
.
.
.
.
 
Answer Stats
Answer % Correct
They are trying to break into your car to get at you for no clear reason with no explanation Reverse to keep them from opening your door
81%
This should de-escalate the situation and signal your lack of intent to disrupt or cause harm Try to wave them by to let their cars pass
44%
.
31%
.
19%
.
13%
.
6%
No matching quizzes found
Score Distribution
Percent of People with Each Score
Percentile by Number Answered
Your Score History
You have not taken this quiz